|
|
|
|
| LEADER |
00974nam a2200325 4500 |
| 001 |
DLU030023228 |
| 005 |
##20000515084714.0 |
| 008 |
##990518s1999 enka b 001 0 eng |
| 010 |
# |
# |
|a 99031583
|
| 020 |
# |
# |
|a 0198296223
|
| 035 |
# |
# |
|9 (DLC) 99031583
|
| 040 |
# |
# |
|a DLC
|c DLC
|d DLC
|
| 042 |
# |
# |
|a pcc
|
| 050 |
# |
# |
|a HD30.2
|b .B87 1999
|
| 082 |
# |
# |
|a 658.4/038
|2 21
|
| 100 |
# |
# |
|a Burton-Jones, Alan.
|
| 245 |
# |
# |
|a Knowledge capitalism :
|b business, work, and learning in the new economy /
|c Alan Burton-Jones.
|
| 260 |
# |
# |
|a Oxford [England] ;
|a New York :
|b Oxford University Press,
|c 1999.
|
| 300 |
# |
# |
|a viii, 248 p. :
|b ill. ;
|c 24cm.
|
| 504 |
# |
# |
|a Includes bibliographical references and index.
|
| 650 |
# |
# |
|a Information resources management.
|
| 650 |
# |
# |
|a Intellectual capital.
|
| 650 |
# |
# |
|a Knowledge management.
|
| 994 |
# |
# |
|a DLU
|
| 900 |
# |
# |
|a True
|
| 925 |
# |
# |
|a G
|
| 926 |
# |
# |
|a A
|
| 927 |
# |
# |
|a SH
|
| 980 |
# |
# |
|a Thư viện Trường Đại học Đà Lạt
|